00558nam a2200205 a 4500001001300000003000900013005001700022008004100039020001000080082002300090100001800113245005200131260004800183300000700231500003500238505001200273650002200285650002700307700001800334nice12345678IN_TiNIC20260116011422.0050524s1942 cama grp 000 0 eng  ac10000a323.39710954bALI1 aAli, C Rahmat aWhat Does Pakistan National Movement Stand For? aCambridgebPakistan National Movementc1942 a8p aincludes index and biblioraphy2 aTurkish aPakistan-Movement aMuslims-India-Politics1 aAli, C Rahmat